| 000 | 00898cam a2200301ui 4500 | ||
|---|---|---|---|
| 001 | 4423524 | ||
| 003 | ARRUPE | ||
| 005 | 20160810101513.0 | ||
| 008 | 750716s1961 gw b 000 0 eng u | ||
| 010 | _a62051552 | ||
| 035 | _a(OCoLC)1452397 | ||
| 035 | _a(OCoLC)ocm01452397 | ||
| 035 | _a(NNC)4423524 | ||
| 040 |
_cMCW _dNNUT _dCStRLIN |
||
| 041 | 0 | _aengarc | |
| 050 |
_aPJ5213 _b.R65 |
||
| 090 |
_aPJ5213 _b.R65 |
||
| 100 | 1 |
_aRosenthal, Franz, _d1914-2003. _924673 |
|
| 245 | 1 | 2 |
_aA grammar of Biblical Aramaic / _cby Franz Rosenthal. |
| 260 |
_aWiesbaden : _bO. Harrassowitz, _c1961. |
||
| 300 |
_ax, 99 p. ; _c24 cm. |
||
| 490 | 1 |
_aPorta linguarum orientalium ; _vneue Serie, 5 |
|
| 504 | _aBibliography: p. [72]-75. | ||
| 650 | 0 |
_aAramaic language _xGrammar. _924674 |
|
| 830 | 0 |
_aPorta linguarum orientalium ; _vneue Serie, 5. _924675 |
|
| 942 |
_2lcc _cMONOGRAPH |
||
| 999 |
_c124875 _d124875 |
||